Beligerantes y neutrales, rebeldes y amigos (Record no. 151793)

MARC details
000 -LEADER
campo de control de longitud fija 00770nam a22001815i 4500
001 - NÚMERO DE CONTROL
campo de control 151793
003 - IDENTIFICADOR DE NÚMERO DE CONTROL
campo de control ES-MaACL
005 - FECHA Y HORA DE LA ÚLTIMA TRANSACCIÓN
campo de control 20250809025046.0
008 - DATOS DE LONGITUD FIJA--INFORMACIÓN GENERAL
campo de control de longitud fija 990729s1896 sp |||| | spa d
040 ## - FUENTE DE CATALOGACIÓN
Centro catalogador/agencia de origen CCPB | B
Lengua de catalogación spa
Centro/agencia transcriptor CCPB | B
245 00 - MENCIÓN DEL TÍTULO
Título Beligerantes y neutrales, rebeldes y amigos
Resto del título : estudio de derecho internacional público /
Mención de responsabilidad, etc. escrito por un aficionado.
260 ## - PUBLICACIÓN, DISTRIBUCIÓN, ETC.
Lugar de publicación, distribución, etc. Madrid :
Nombre del editor, distribuidor, etc. [s.n.],
Fecha de publicación, distribución, etc. 1896 (
Fabricante Establecimiento tipográfico de "El Liberal")
300 ## - DESCRIPCIÓN FÍSICA
Extensión 42 p. ;
Dimensiones 23 cm.
650 #7 - PUNTO DE ACCESO ADICIONAL DE MATERIA--TÉRMINO DE MATERIA
Término de materia o nombre geográfico como elemento de entrada Derecho internacional público
Fuente del encabezamiento o término embne
9 (RLIN) 11723
752 ## - ENTRADA AGREGADA--NOMBRE JERÁRQUICO DEL LUGAR
País o entidad superior España -
Ciudad Madrid
852 ## - LOCALIZACIÓN
Ubicación ES-MaACL
Número de control de estantería T-797-F-2
Nota libre -- Enc. hol. conservando la cub. original
-- -- Dedic. ms. de "el autor Cristóbal F. Vallin"
-- -- Enc. en un vol. facticio
Holdings
Estatus retirado Estado de pérdida Estado de daño No para préstamo Colección Biblioteca de origen Biblioteca actual Ubicación en estantería Fecha de adquisición Total de préstamos Signatura topográfica completa Código de barras Visto por última vez Precio de reemplazo Tipo de ítem Koha
        Colección de folletos Biblioteca del Ateneo de Madrid Biblioteca del Ateneo de Madrid Depósito folletos 17/01/2008   T-797-F-2 1158423 23/02/2023 23/02/2023 Folleto